La diplomacia chileno-arjentina [sic] en la cuestion de limites / (Record no. 166454)

MARC details
000 -LEADER
campo de control de longitud fija 00731nam a2200181 i 4500
001 - NÚMERO DE CONTROL
campo de control 166454
003 - IDENTIFICADOR DE NÚMERO DE CONTROL
campo de control ES-MaACL
005 - FECHA Y HORA DE LA ÚLTIMA TRANSACCIÓN
campo de control 20230906213335.0
008 - DATOS DE LONGITUD FIJA--INFORMACIÓN GENERAL
campo de control de longitud fija 050915s1878 cl | |||||||| ||spa d
040 ## - FUENTE DE CATALOGACIÓN
Centro catalogador/agencia de origen CAM
Lengua de catalogación spa
Centro/agencia transcriptor CAM
100 1# - ENTRADA PRINCIPAL--NOMBRE DE PERSONA
Nombre de persona Toro, Gaspar.
9 (RLIN) 133305
245 13 - MENCIÓN DEL TÍTULO
Título La diplomacia chileno-arjentina [sic] en la cuestion de limites /
Mención de responsabilidad, etc. por Gaspar Toro.
260 ## - PUBLICACIÓN, DISTRIBUCIÓN, ETC.
Lugar de publicación, distribución, etc. Santiago de Chile :
Nombre del editor, distribuidor, etc. [s.n.],
Fecha de publicación, distribución, etc. 1878 (
Fabricante Imp. de la Lib. del Mercurio de E. Undurraga i Ca.)
300 ## - DESCRIPCIÓN FÍSICA
Extensión 66 p. ;
Dimensiones 18 cm.
651 #4 - PUNTO DE ACCESO ADICIONAL DE MATERIA--NOMBRE GEOGRÁFICO
Nombre geográfico Chile-
Subdivisión general Política internacional.
9 (RLIN) 137097
651 #4 - PUNTO DE ACCESO ADICIONAL DE MATERIA--NOMBRE GEOGRÁFICO
Nombre geográfico Argentina-
Subdivisión general Política internacional.
9 (RLIN) 137054
852 ## - LOCALIZACIÓN
Ubicación ES-MaACL
Número de control de estantería T-348-F-1
Nota libre -- Enc. hol.
-- -- Dedicatoria ms. de Cardoza al Ateneo
-- -- Enc. en un vol. facticio
Holdings
Estatus retirado Estado de pérdida Estado de daño No para préstamo Colección Biblioteca de origen Biblioteca actual Ubicación en estantería Fecha de adquisición Total de préstamos Signatura topográfica completa Código de barras Visto por última vez Precio de reemplazo Tipo de ítem Koha
        Colección de folletos Biblioteca del Ateneo de Madrid Biblioteca del Ateneo de Madrid Depósito folletos 17/01/2008   T-348-F-1 1174576 23/02/2023 23/02/2023 Folleto